000 00677nam a2200205 i 4500
001 101132
003 ES-MaACL
005 20240516063039.0
007 t|
008 051013s1962 sp ||||1| spa d
100 1 _aMaupassant, Guy de,
_d1850-1893
_979214
245 1 0 _aBola de sebo ; Bel Ami /
_cGuy de Maupassant.
260 _aBarcelona :
_bMaucci,
_c1962.
300 _a529 p., 7 p. ;
_c18 cm.
490 1 _aClásicos Maucci. Grupo literatura romántica y postromántica
740 0 _aBel Ami.
830 0 _aClásicos Maucci. Grupo literatura romántica y postromántica
_9184594
852 _aES-MaACL
_jC-21739
_bR.50472
999 _c101132
_d101132